00986cam a22003017a 450000100090000000300040000900500170001300800410003001000170007101500190008801600180010702000250012502000220015003500240017204000520019604200140024805000260026208200240028810000170031224500530032926000490038230000280043149000420045950400510050165100370055270000250058983000700061417302674OSt20200617152857.0120517s2012 ii b 001 0 eng d a 2012376920 aGBB1D90382bnb7 a0159858932Uk a9780198077602 (hbk.) a0198077602 (hbk.) a(OCoLC)ocn768071508 aUKMGBcoclcdDKAGEdBTCTAdYDXCPdTJCdBWXdDLC alccopycat00aDS480.842b.P382 201204a954.0359223bROY/P aRoy, Kaushik00aPartition of India :bwhy 1947? /c Kaushik Roy. aNew Delhi :bOxford University Press,c2012. axliii, 276 p. ;c23 cm.1 aDebates in Indian history and society aIncludes bibliographical references and index. 0aIndiaxHistoryyPartition, 1947.1 aRoy, Kaushik,d1971- 0aOxford in India readings.pDebates in Indian history and society.